La Argentina y el orden mundial (Registro nro. 6535)
[ vista simple ]
| 000 -LEADER | |
|---|---|
| fixed length control field | 01139 a2200217 4500 |
| 001 - CONTROL NUMBER | |
| control field | 58973 |
| 005 - DATE AND TIME OF LATEST TRANSACTION | |
| control field | 20260407155844.0 |
| 008 - FIXED-LENGTH DATA ELEMENTS--GENERAL INFORMATION | |
| fixed length control field | 260407a2003 arg spa d |
| 003 - CONTROL NUMBER IDENTIFIER | |
| control field | AR-UNSa-BCEJYS |
| 040 ## - CATALOGING SOURCE | |
| Original cataloging agency | AR-UNSa-BCEJYS |
| Language of cataloging | spa |
| Transcribing agency | AR-UNSa-BCEJYS |
| 080 ## - UNIVERSAL DECIMAL CLASSIFICATION NUMBER | |
| Universal Decimal Classification number | 338.2(82) |
| Common auxiliary subdivision | Política económica. Control de la economía. Gestión de la economía. Planificación económica en Argentina |
| 020 ## - INTERNATIONAL STANDARD BOOK NUMBER | |
| International Standard Book Number | 950-557-582-3 |
| 041 ## - LANGUAGE CODE | |
| Language code of text/sound track or separate title | spa |
| 100 1# - MAIN ENTRY--PERSONAL NAME | |
| Personal name | Ferrer, Aldo |
| 245 10 - TITLE STATEMENT | |
| Title | La Argentina y el orden mundial |
| 264 #1 - PRODUCTION, PUBLICATION, DISTRIBUTION, MANUFACTURE, AND COPYRIGHT NOTICE | |
| Place of production, publication, distribution, manufacture | Buenos Aires : |
| Name of producer, publisher, distributor, manufacturer | Fondo de Cultura Económica |
| Date of production, publication, distribution, manufacture, or copyright notice | 2003 |
| 300 ## - PHYSICAL DESCRIPTION | |
| Extent | 185 p. |
| Dimensions | 17 cm. |
| 505 ## - FORMATTED CONTENTS NOTE | |
| Formatted contents note | 1. La comisión trilateral y la proliferación del poder económico internacional - 2. Las consecuencias de la guerra de Irak - 3. Enfoques heterodoxos en el informe Okita sobre la economía argentina - 4. Los ciclos económicos en la Argentina: del modelo primario exportador al sistema de hegemonía financiera - 5. La Argentina y el Fondo Monetario Internacional - 6. Recuperación y crecimiento: tiempos e instrumentos de la política económica argentina. |
| 590 ## - LOCAL NOTE (RLIN) | |
| Local note | niveau_biblio:m niveau_hierar:0 |
| 942 ## - ADDED ENTRY ELEMENTS (KOHA) | |
| Koha item type | |
| Withdrawn status | Lost status | Damaged status | Not for loan | Home library | Current library | Shelving location | Date acquired | Total checkouts | Full call number | Barcode | Date last seen | Price effective from | Koha item type |
|---|---|---|---|---|---|---|---|---|---|---|---|---|---|
| Biblioteca Prof. Eusebio Cleto del Rey | Biblioteca Prof. Eusebio Cleto del Rey | 07/04/2026 | 338.2(82) F382a | L86710 | 07/04/2026 | 07/04/2026 | Libro |